A márkázottság szerepe a kereskedelemben, különös tekintettel a ruházati szektorra

Bibliográfiai részletek
Szerző: Ferencz Eszter
További közreműködők: Papp Judit
Dokumentumtípus: Projektmunka
Kulcsszavak:7P modell
fogyasztói preferenciák
márkahűség
márkanév
SWOT-elemzés
Online Access:http://dolgozattar.uni-bge.hu/59945

MARC

LEADER 00000nnm a2200000 i 4500
001 dolg59945
005 20260409145800.0
008 260409suuuu hu o 000 hun d
040 |a BGE Dolgozattár Repozitórium  |b hun 
041 |a hu 
100 1 |a Ferencz Eszter 
245 1 2 |a A márkázottság szerepe a kereskedelemben, különös tekintettel a ruházati szektorra  |c Ferencz Eszter  |h [elektronikus dokumentum] 
516 |a Project_work 
520 3 |a A dolgozatom célja a márkázottság szerepének a vizsgálata a kereskedelemben, különös tekintettel a ruházati szektorra. A dolgozat feltárja, hogyan befolyásolja a fogyasztókat a márkanév, a közösségi média és az influencerek jelenléte a vásárlói döntéseket, valamint milyen pszichológiai tényezőkön múlik a választás. A szakirodalom bemutatja a márkahűség, a fogyasztói magatartás és a ruházati piac sajátosságait. A primer kutatás kérdőíves módszerrel készült. A dolgozat végül következtetéseket fogalmaz meg. 
695 |a 7P modell 
695 |a fogyasztói preferenciák 
695 |a márkahűség 
695 |a márkanév 
695 |a SWOT-elemzés 
700 1 |a Papp Judit  |e ths 
856 4 0 |u http://dolgozattar.uni-bge.hu/59945/1/Z%C3%A1r%C3%B3dolgozat%20Ferencz%20Eszter.pdf  |z Dokumentum-elérés 
856 4 0 |u http://dolgozattar.uni-bge.hu/59945/2/FERENCZ%20ESZTER%20KM%20FOSZK%20b%C3%ADr%C3%A1lati%20lap%20%281%29.pdf  |z Dokumentum-elérés